Jiří Štědroň

Hlavní autor: Štědroň, Jiří, 1942-
Jazyk: Čeština
Vydáno: Praha : Supraphon, p2009
Edice: Pop galerie
Témata:
Fyzický popis: 1 zvuková deska (77:58) : digital, stereo ; 12 cm
Zvukové nahrávky
Uloženo v:
LEADER 01764njm a2200397 a 4500
001 001078144
003 CZ BrMZK
005 20091211081929.0
007 sd fsngnnmmned
008 091207p20091967xr ppn g cze d
024 3 |a 099925597320 
028 0 1 |a SU 5973-2  |b Supraphon 
040 |a BOA001  |b cze 
048 |a od  |b vu 
072 7 |a 784  |x Vokální hudba  |2 Konspekt  |9 9 
080 |a 784.4  |2 MRF 
080 |a (086.76)  |2 MRF 
100 1 |a Štědroň, Jiří,  |d 1942-  |7 ola200202621  |4 sng 
245 0 0 |a Jiří Štědroň  |h [zvukový záznam] 
260 |a Praha :  |b Supraphon,  |c p2009 
300 |a 1 zvuková deska (77:58) :  |b digital, stereo ;  |c 12 cm 
306 |a 011758 
490 1 |a Pop galerie 
500 |a Kompaktní deska (AAD) 
500 |a Původní fonogramy p1967-1983 Supraphon, p1982 Panton 
505 0 0 |t Neklidné srdce --  |t Už jedou vozy s bílou slámou --  |t Tak snadno --  |t Tam za tratí --  |t Měsíc Lord --  |t Marianne --  |t Pětatřicet dívek --  |t Markéta --  |t Grand Prix --  |t Šestnáct růží --  |t Belinda --  |t Andrea --  |t Hotel Dobrá vyhlídka --  |t Stoupá dým --  |t Vlaky --  |t Jak to chodí --  |t Znáš mě tak málo --  |t Nech mě ještě chvíli spát --  |t Pak někdo začal tiše zpívat --  |t Týden bez tebe --  |t Mám po krk tajné lásky --  |t První sníh 
511 0 |a Jiří Štědroň, zpěv 
650 0 7 |a populární písně  |7 ph124354  |y 1961-1970  |2 czenas 
650 0 7 |a populární písně  |7 ph124354  |y 1971-1980  |2 czenas 
650 0 7 |a populární písně  |7 ph124354  |y 1981-1990  |2 czenas 
655 7 |a kompaktní desky  |7 fd201991  |2 czenas 
830 0 |a Pop galerie 
910 |a BOA001  |b CD-0015.792 
990 |a AV 
991 |b 200912 
996 6 |b 261H017514  |c CD-0015.7921  |l MZK  |r Sklad / do 24 hodin  |n 0  |p p.v.  |w 001099796  |u 000010  |a 1  |e BOA001  |j MZK50  |s P